|
|
|
|
| LEADER |
00000nam a2200000Ia 4500 |
| 008 |
180918b2012 cr ||||| |||| 00| | spa d |
| 999 |
|
|
|c 2418
|d 2418
|
| 090 |
|
|
|a Archivo #18
|
| 100 |
|
|
|a Peña Bonilla, María
|9 1437
|
| 245 |
1 |
0 |
|a Programa Avancemos motiva a seguir en las aulas /
|c María Peña Bonilla
|
| 260 |
|
|
|a San José, Costa Rica :
|b Oficina de Divulgación e Información de la Universidad de Costa Rica,
|c 2012
|
| 300 |
|
|
|a 1 página
|
| 500 |
|
|
|a En: Semanario Universidad, no. 1959. Suplemento Crisol no. 260 (Agosto 2012)
|
| 610 |
|
4 |
|9 2097
|a INSTITUTO MIXTO DE AYUDA SOCIAL
|
| 650 |
1 |
4 |
|a EJECUCION DE PROYECTOS
|9 2322
|
| 650 |
1 |
4 |
|a INFORMES SOBRE PROYECTOS
|9 3986
|
| 856 |
|
|
|u https://semanariouniversidad.com/suplementos/crisol/programa-avancemos-motiva-a-seguir-en-las-aulas/
|
| 942 |
|
|
|i 00187
|h Archivo #18
|2 z
|c 07
|